000 00618cam a22002291 4500
001 sa 66001148
003 DLC
005 20260227112219.0
008 781102s1965 ii ab b f000 0 eng
010 _asa 66001148
025 _aPL480:I-E-5330
035 _a(OCoLC)4339270
040 _aDLC
_cMH
_dDLC
042 _apremarc
050 0 0 _aHD9506.I42
_bA54
110 2 _aIndian Bureau of Mines
245 1 0 _aSurvey of India's foreign mineral markets.
260 _aNagpur
_c[1965]
300 _axvi, 295 p.
_billus., map.
_c25 cm.
504 _aBibliography: p. 293-295.
650 0 _aMineral industries
_zIndia.
999 _c67619
_d67619